00269 a2200121 4500001000700000020001500007040003500022100001800057240002900075245002400104300001000128362000900138157249 a8532250289 cEscola São Tomás de Aquino aJOSÉ, Elias10aDe olho nos bichos lpor10aDe olho nos bichos  a46 p.0 a2003